George e seta despedida (Registo nº 6103)

Detalhes MARC
000 -Etiqueta do registo
Valores 00571nam a2200205 4500
010 ## - Número ISBN
ISBN 9789720728401
021 ## - Número do Depósito Legal
Número 390861/15
100 ## - Dados gerais de processamento
Dados gerais 20151110d2015 e y0pory50030103ba
200 1# - Titulo e menção de responsabilidade
Título próprio George e seta despedida
Primeira menção de responsabilidade Maria Judite de Carvalho
205 ## - Menção da edição
Edição 1ª ed.
210 #9 - Publicação
Local de publicação Porto
Nome do editor Porto Editora,
Data de publicação 2015
215 ## - Descrição física 
Paginação / Volumes 48 p.
Outras indicações físicas il.
Dimensões 20 cm
225 2# - Colecção 
Título próprio da colecção Educação literária
300 ## - Notas gerais 
Texto da nota Leitura recomendada, 12º ano
675 ## - CDU
Notação 821.134.3-34
Edição PT
Língua por
700 #1 - Autor principal (pessoa individual)
Apelido Carvalho,
Nome Maria Judite de,
Datas 1921-1998
801 #0 - Fonte de origem
País PT
Agência BMVN
Regras de catalogação RPC
990 ## - Elementos KOHA
Tipo de documento Livro
Exemplares
Situação do levantamento Biblioteca de origem Código de barras Cota Permissão de empréstimo Tipo de documento Forma de aquisição
  Biblioteca Escola Secundária de Vendas Novas 200000003330 LP CAR/GEO   Livro  

Powered by Koha